ਕਿਤਾਬਾਂ ਮੁਲਾਕਾਤਾਂ ਤੇ ਸੋਚਾਂ ਦੀਆਂ ਸੜਕਾਂ ਦਾ ਸਫ਼ਰਨਾਮਾ / (Record no. 110783)

MARC details
000 -LEADER
fixed length control field 01242nam a22002537a 4500
005 - DATE AND TIME OF LATEST TRANSACTION
control field 20170123164157.0
010 ## - LIBRARY OF CONGRESS CONTROL NUMBER
LC control number B-124669
020 ## - INTERNATIONAL STANDARD BOOK NUMBER
International Standard Book Number 140.00
Terms of availability 8173291519
035 ## - SYSTEM CONTROL NUMBER
System control number B-124669
037 ## - SOURCE OF ACQUISITION
Source of stock number/acquisition Cen Lib/Ret
040 ## - CATALOGING SOURCE
Original cataloging agency DPL
Language of cataloging PN
082 ## - DEWEY DECIMAL CLASSIFICATION NUMBER
Classification number 858
Item number ਅੰਮ੍ਰਿਤਾ
100 ## - MAIN ENTRY--PERSONAL NAME
Personal name ਅੰਮ੍ਰਿਤਾ ਪ੍ਰੀਤਮ
9 (RLIN) 141089
245 ## - TITLE STATEMENT
Title ਕਿਤਾਬਾਂ ਮੁਲਾਕਾਤਾਂ ਤੇ ਸੋਚਾਂ ਦੀਆਂ ਸੜਕਾਂ ਦਾ ਸਫ਼ਰਨਾਮਾ /
Statement of responsibility, etc ਅੰਮ੍ਰਿਤਾ ਪ੍ਰੀਤਮ
246 ## - VARYING FORM OF TITLE
Title proper/short title kitābāṃ, mulākātāṃ te socāṃ dīāṃ saṛakāṃ dā Safaranāmā /
Remainder of title by Amrita Pritam
260 ## - PUBLICATION, DISTRIBUTION, ETC. (IMPRINT)
Place of publication, distribution, etc ਦਿੱਲੀ
Name of publisher, distributor, etc ਸ਼ਿਲਾਲੇਖ
Date of publication, distribution, etc 2005
270 ## - ADDRESS
Address 4/32 ਸ਼ੁਭਾਸ਼ ਗਲੀ ਵਿਸ਼ਵਾਸ਼ ਨਗਰ ਸ਼ਾਹਦਰਾ
City ਦਿੱਲੀ
Postal code 110032
300 ## - PHYSICAL DESCRIPTION
Extent 140p ;
Dimensions 20cm
650 ## - SUBJECT ADDED ENTRY--TOPICAL TERM
Topical term or geographic name as entry element Panjabi literature.
9 (RLIN) 141090
650 ## - SUBJECT ADDED ENTRY--TOPICAL TERM
Topical term or geographic name as entry element ਪੰਜਾਬੀ ਸਾਹਿਤ
9 (RLIN) 141091
650 ## - SUBJECT ADDED ENTRY--TOPICAL TERM
Topical term or geographic name as entry element Panjabi literature -- History and criticism.
9 (RLIN) 24042
650 ## - SUBJECT ADDED ENTRY--TOPICAL TERM
Topical term or geographic name as entry element ਪੰਜਾਬੀ ਸਾਹਿਤ - ਇਤਿਹਾਸ ਅਤੇ ਆਲੋਚਨਾ.
9 (RLIN) 141092
942 ## - ADDED ENTRY ELEMENTS (KOHA)
Source of classification or shelving scheme Dewey Decimal Classification
Koha item type Punjabi Bks
Classification part 858
Call number suffix ਅੰਮ੍ਰਿਤਾ
Holdings
Withdrawn status Lost status Damaged status Not for loan Home library Current library Date acquired Source of acquisition Cost, normal purchase price Total Checkouts Total Renewals Full call number Barcode Date last seen Date checked out Copy number Cost, replacement price Price effective from Koha item type
        Central Library Central Library 08/02/2016 Cen Lib/Ret 140.00 1 2 858 ਅਮ੍ਰਿਤਾ B-124669 16/07/2022 07/06/2022 1 140.00 08/02/2016 Punjabi Bks

© Delhi Public Library
Hit Counter
free hit counter